Statistics for Asian Capitals Mystery Route

Click here to take the quiz!

General Stats

  • This quiz has been taken 3,448 times
  • The average score is 12 of 16

Answers on the Map

Answers color-coded by a green-red scale on the quiz's map according to % correct below.
 

Answer Stats

#Capital% Correct
StartUlaanbaatar
100%
1Pyongyang
98%
2Tokyo
98%
3Bandar Seri Begawan
80%
4Kuala Lumpur
80%
5Sana'a
75%
6Baghdad
73%
7Ankara
72%
8Nur-Sultan
71%
9Islamabad
66%
10Kabul
64%
11Yerevan
62%
12Abu Dhabi
60%
13New Delhi
58%
14Naypyidaw
52%
FinishThimphu
52%

Score Distribution

Percentile by Number Answered

Percent of People with Each Score

Your Score History

You have not taken this quiz